Faculty of Law Library — Cairo University

Official Online Catalog

Le Perquisizioni Nel Codice Di Procedura Penale / (Record no. 73350)

MARC details
000 -LEADER
fixed length control field 01071nam a2200313 i 4500
003 - CONTROL NUMBER IDENTIFIER
control field EG-GICUC
005 - DATE AND TIME OF LATEST TRANSACTION
control field 20260425185137.0
008 - FIXED-LENGTH DATA ELEMENTS--GENERAL INFORMATION
fixed length control field 260425s1974 it ||||f |||| 000 0 ita d
040 ## - CATALOGING SOURCE
Original cataloging agency EG-GiCUC
Language of cataloging ita
Transcribing agency EG-GiCUC
Modifying agency EG-GiCUC
Description conventions Rda
041 0# - LANGUAGE CODE
Language code of text/sound track or separate title ita
082 04 - DEWEY DECIMAL CLASSIFICATION NUMBER
Edition number 21
Classification number 343.3045
Item number RI . P
092 04 - LOCALLY ASSIGNED DEWEY CALL NUMBER (OCLC)
Edition number 21
099 ## - LOCAL FREE-TEXT CALL NUMBER (OCLC)
Classification number Law1 10 343.3045 RI . P 1974 1011241 C1
100 1# - MAIN ENTRY--PERSONAL NAME
Personal name Riccio, Giuseppe
Relator term Author.
245 13 - TITLE STATEMENT
Title Le Perquisizioni Nel Codice Di Procedura Penale /
Statement of responsibility, etc. Giuseppe Riccio.
264 #1 - PRODUCTION, PUBLICATION, DISTRIBUTION, MANUFACTURE, AND COPYRIGHT NOTICE
Place of production, publication, distribution, manufacture Napoli :
Name of producer, publisher, distributor, manufacturer Casa Editrice Dott. Eugenio Jovene,
Date of production, publication, distribution, manufacture, or copyright notice 1974.
300 ## - PHYSICAL DESCRIPTION
Extent 223 pages ;
Dimensions 24 cm.
336 ## - CONTENT TYPE
Source rda contenu
Content type term texte
337 ## - MEDIA TYPE
Source rda medias
Media type term Ordinateur
338 ## - CARRIER TYPE
Source transporteur rda
Carrier type term Ressource en ligne
490 0# - SERIES STATEMENT
Series statement Pubblicazioni Della Facolta Giuridica Dell'università Di Napoli ;
Volume/sequential designation 148
546 ## - LANGUAGE NOTE
Language note Text in Italian
650 14 - SUBJECT ADDED ENTRY--TOPICAL TERM
Topical term or geographic name entry element Codice di procedura penale
650 14 - SUBJECT ADDED ENTRY--TOPICAL TERM
Topical term or geographic name entry element Diritto penale
651 14 - SUBJECT ADDED ENTRY--GEOGRAPHIC NAME
Geographic name Italia
General subdivision Leggi e legislazione
856 40 - ELECTRONIC LOCATION AND ACCESS
Uniform Resource Identifier <a href="https://fll.law.cu.edu.eg/fulltext/bks/B10-11241.pdf">https://fll.law.cu.edu.eg/fulltext/bks/B10-11241.pdf</a>
905 ## - Cataloger and Reviser Names
Cataloger Name: Mohamed Yosri
942 ## - ADDED ENTRY ELEMENTS (KOHA)
Source of classification or shelving scheme Dewey Decimal Classification
Suppress in OPAC No
Koha item type Books
Edition 21
Holdings
Withdrawn status Lost status Source of classification or shelving scheme Damaged status Not for loan Collection Home library Current library Date acquired Total checkouts Full call number Barcode Date last seen Copy number Price effective from Koha item type
    Dewey Decimal Classification   Not for loan القانون الجنائي جــــامعة القــاهرة مكتبة كلية الحقوق - المبنى الرئيسي 25.04.2026   Law1 10 343.3045 RI . P 1974 1011241 C1 B10-11241 25.04.2026 1 25.04.2026 Books

© All rights reserved — Faculty of Law, Cairo University